00616 2200229 4500001002100000005001500021035002000036007000300056008004100059020001800100082001400118084002000132100001300152245006400165250001100229260005200240300002100292650002000313700002900333990001200362990001200374INLIS00000000001748020241017093009 a0010-1024000208ta241017 d 1 ind  a979-666-170-5 a899.221 3 a899.221 3 SUM p0 aSUMAN,Hs1 aPercobaan Setia /cSuman Hs;editor,tim editor balai pustaka acet.10 ajakarta timur :bbalai pustaka (persero),c2011 a110 hlm ;c21 cm 4aFIKSI INDONESIA0 aTIM,Editor balai pustaka a11809 a a11809 b